[Event "Biel GM"]
[Site "Biel"]
[Date "2007.07.27"]
[Round "4"]
[White "Onischuk, Alexander"]
[Black "Van Wely, Loek"]
[Result "1-0"]
[WhiteElo "2650"]
[BlackElo "2680"]
[Annotator "Krasenkow,M"]
[PlyCount "57"]
[EventDate "2007.07.23"]
[EventType "tourn"]
[EventRounds "9"]
[EventCountry "SUI"]
[EventCategory "18"]
[SourceTitle "CBM 120"]
[Source "ChessBase"]
[SourceDate "2007.10.02"]
[SourceVersion "1"]
[SourceVersionDate "2007.10.02"]
[SourceQuality "1"]

1. d4 d5 2. c4 c6 3. Nc3 Nf6 4. Nf3 e6 5. Bg5 dxc4 6. e4 b5 7. e5 h6 8. Bh4 g5
9. Nxg5 hxg5 10. Bxg5 Nbd7 11. exf6 Bb7 12. g3 c5 13. d5 Nxf6 14. Bg2 Bh6 {
This idea by V.Ivanchuk was most recently examined by Ch.Lutz in CBM110.} 15.
Bxf6 Qxf6 16. O-O O-O-O 17. Nxb5 a6 {Kasparov's recommendation.} (17... exd5
18. Nxa7+ Kb8 19. Nb5 {was examined in CBM 40 (Kasparov-Ivanchuk, annotated by
Ftacnik, Kharitonov and Th.Ernst) and CBM 58 (Ionov-Popov, annotated by Lutz).
Here is a fresh example with a new idea for Black:} Qa6 $5 (19... Bg5 $143 20.
Qe1 $1 {[%cal Ye1a5]}) 20. a4 Bg5 21. Qf3 Qh6 22. h4 Bxh4 23. gxh4 Rdg8 24.
Rfe1 Qxh4 25. Kf1 Rxg2 26. Qxg2 d4 27. Qg3+ Qxg3 28. fxg3 Rh1+ 29. Ke2 Rh2+ 30.
Kd1 Bf3+ 31. Kc1 d3 32. Kb1 d2 33. Re8+ Kb7 34. Re7+ Kc6 35. Ka2 d1=Q 36. Na7+
Kb6 37. Nc8+ Kc6 38. Na7+ Kb6 {1/2-1/2 Williams,S-Ivanisevic,I/Reykjavik 2006/
CBM 111 ext}) 18. Nc3 exd5 19. Re1 (19. Qa4 {brought White a victory in the
following game but that had nothing to do with the opening:} Bg7 20. Qa5 Qd6
21. Rad1 Bd4 22. Ne2 Be5 23. h4 Qc7 24. Qa3 Kb8 $6 (24... d4 $17) 25. b4 cxb4
26. Qxb4 f5 $4 (26... Ka7 $13) 27. Rxd5 Rxd5 28. Bxd5 {1-0 Beliavsky,A-Serna
Lara,S/Villarrobledo 2001/EXT 2002 (30)}) (19. Nxd5 Qe6 (19... Bxd5 20. Bxd5
Qf5 21. Qa4 Qxd5 22. Qxa6+ Qb7 23. Qxc4 $13) 20. Re1 Rxd5 21. Bxd5 Qxd5 22.
Qxd5 Bxd5 23. Re5 Be6 24. Rxc5+ Kb7 25. Rd1 Bg7 26. Rd2 Kb6 27. Rg5 Bf6 28.
Rd6+ Kc7 29. Rxe6 fxe6 30. Rc5+ Kd7 31. Rxc4 Bxb2 32. h4 $15 {1/2-1/2 Fezzi,
M-Zunke,J/ICCF Email 2002/ICCF Telechess CBM 100 (55)}) 19... Kb8 20. Na4 $1
$146 {[%mdl 136] Immediately starting an attack.} (20. Qc2 $143 d4 21. Na4 (21.
Bxb7 $2 dxc3 {[%cal Rd8d2]}) 21... Bxg2 22. Kxg2 Qc6+ 23. Kg1 Bg7 $1 24. Qxc4
Rxh2 $1 25. Qb3+ Kc8 26. Nb6+ Kc7 27. Re7+ Kd6 28. Rd7+ Rxd7 29. Nc4+ Kc7 30.
Kxh2 Rd8 31. g4 Rh8+ 32. Kg3 f5 33. Re1 Bf6 34. g5 f4+ $1 35. Kxf4 Bxg5+ $1 {
0-1 Liarokapis,V-Marcotulli,G/WCCF 2001/Telechess CBM 97}) 20... Bf8 21. Rc1
Bc6 $2 {The position is extremely complicated and it is not surprising that
Black doesn't find the best way (it will be analysts' responsibility now). The
exchange of this bishop (the main defender of his king!) is not a good idea.} (
{Perhaps} 21... Bd6 $142 $5 $132 22. b3 $140 $2 Rxh2 $1) 22. b3 Bh6 {Looks
senseless but what to do?} ({After} 22... Bxa4 23. bxa4 Ka7 24. Rb1 {the black
king is helpless in a long run.}) ({Or} 22... Ka7 23. bxc4 dxc4 24. Qc2 $16 {
[%csl Ra7]}) (22... Qd4 23. Qc2 Qd3 24. Qb2 $16) 23. Rc2 Qd4 24. Qb1 $1 Ka7 $2
{Losing at once.} (24... Kc7 $142 25. Nc3 $40) 25. bxc4 $1 Bxa4 (25... Rb8 26.
Re7+ $18) 26. Rb2 {[%cal Rb2b7,Re1e7]} Rd6 (26... Rd7 27. Bxd5 $18) 27. Bxd5
Rxd5 28. Rb7+ Ka8 29. Qb6 1-0

[Event "Corus"]
[Site "Wijk aan Zee"]
[Date "2009.01.17"]
[Round "1"]
[White "Ivanchuk, Vassily"]
[Black "Smeets, Jan"]
[Result "0-1"]
[WhiteElo "2779"]
[BlackElo "2601"]
[Annotator "Krasenkow,M"]
[PlyCount "78"]
[EventDate "2009.01.17"]
[EventType "tourn"]
[EventRounds "13"]
[EventCountry "NED"]
[EventCategory "19"]
[SourceTitle "CBM 129"]
[Source "ChessBase"]
[SourceDate "2009.03.25"]
[SourceVersion "1"]
[SourceVersionDate "2009.03.25"]
[SourceQuality "1"]

1. c4 c6 2. Nf3 d5 3. d4 Nf6 4. Nc3 e6 5. Bg5 dxc4 6. a4 {Not the most popular
reply to the Botvinnik system but, of course, its theory is now quite
extensive, too.} Bb4 7. e4 Bxc3+ (7... b5 {is the main line here; besides,
Black sometimes plays}) (7... c5 {or}) (7... Qa5) 8. bxc3 Qa5 9. e5 Ne4 10. Bd2
Qd5 {This line originates from the old game Donner-Kotov (Venice 1950), which
Black won. However, lengthy queen manoeuvring doesn't look quite healthy.} 11.
Qc2 {Practice has also seen:} (11. a5) (11. Be2) (11. Qb1) 11... c5 (11... b5
$6 12. Be2 Nd7 13. O-O f5 14. Ng5 $1 Nxg5 15. Bxg5 Nb6 16. a5 Na4 17. Bf3 Qd7
18. Rxa4 $1 bxa4 19. Qxa4 O-O 20. Bxc6 Qc7 21. Be7 Qxe7 22. Bxa8 $18 {1-0
Sturua,Z (2420)-Kaidanov,G (2415)/Lvov 1985/MCD (36)}) 12. Be3 (12. Rd1 cxd4
13. cxd4 c3 $1 14. Bc1 (14. Bxc3 Nxc3 15. Qxc3 Nc6 16. Bd3 Qa5 $11) 14... Bd7
15. Bd3 Bc6 16. O-O Na6 17. Ba3 Nd2 18. Rxd2 cxd2 19. Bc4 Qe4 20. Bd3 Qd5 21.
Bc4 Qe4 22. Bd3 {1/2 Pashikian,A (2556)-Balogh,C (2575)/Moscow 2008/CBM 123})
12... cxd4 (12... Nc6 $2 13. O-O-O $1 (13. Be2 $2 cxd4 14. cxd4 Nb4 15. Qc1 c3
16. O-O Bd7 17. Ne1 Rc8 18. f3 Nd2 19. Bxd2 Na2 20. Rxa2 Qxa2 $19 {0-1 Donner,
J-Kotov,A/Venice 1950/MCD (25)}) (13. Rd1 $5 cxd4 14. Nxd4 f5 15. f3 Nc5 16.
Nb5 Nd3+ 17. Bxd3 cxd3 18. Rxd3 Qxe5 19. f4 Qb8 20. Bc5 Qxf4 21. Nd6+ Ke7 22.
Nxc8+ Kf6 23. Nd6 $18 {1/2 Carlsen,T-Silva Filho,A/ICCF Email 2004/ICCF CBM
122 (54)}) 13... cxd4 14. Nxd4 Nc5 (14... Qxe5 15. f4 $18) 15. Nb5 Nb3+ 16. Kb2
Qxe5 17. Nd6+ Ke7 18. Nxc4 {1-0 Danielian,O (2460)-Ceteras,M (2330)/Vejen 1993/
EXT 1999}) 13. cxd4 Qa5+ 14. Nd2 Nxd2 15. Bxd2 Qd5 (15... Qd8 16. Bxc4 Nc6 17.
O-O (17. Bc3 $5 O-O 18. Qe4) 17... O-O 18. Be3 Ne7 19. Qe4 Nf5 20. Rfd1 Nxe3
21. fxe3 (21. Qxe3 $142 $14 {[%cal Yd4d5]}) 21... Rb8 22. Rf1 Qg5 23. h4 Qg6
24. Qf4 Bd7 25. Rf3 Rbc8 26. Bb5 $14 {1/2 Ikonnikov,V (2560)-Haimovich,T (2375)
/Dieren 2005/CBM 107 ext (44)}) 16. Qxc4 (16. Be3 {Stoica,V} Qa5+) (16. Bxc4 $5
Qxd4 17. O-O Nc6 18. Rae1 $44 Bd7 19. Re4 Qc5 20. Be3 Qa5 21. Qb2 Ne7 22. Qxb7
Bc6 23. Bb5 Qxb5 24. Qxb5 Bxb5 25. axb5 Nd5 26. Ra1 {1/2 Goldin,A (2600)
-Stisis,Y (2380)/Israel 1996/CBM 052 ext}) 16... Qxc4 (16... Qe4+ $5 17. Be3
Nc6 {deserved attention to disrupt White's development.}) 17. Bxc4 $14 {_|_}
Nc6 18. Bc3 (18. Be3 Bd7 19. O-O Na5 {[%cal Yd7c6]}) 18... Ne7 (18... Bd7 $142
$1 {M.Notkin} 19. Kd2 (19. d5 Rc8 $1 20. dxe6 fxe6 {[%cal Yc6e7]}) (19. Be2 Rc8
) 19... Ne7 20. Bb4 Nc6) 19. a5 $1 Bd7 {Black is preparing to control the
central d5-square but his king remains in the centre and rooks disconnected.}
20. Bb4 Rc8 21. Be2 Nc6 $6 {A wrong tactical idea.} (21... Nd5 $142 22. Bc5 Nf4
(22... b6 23. axb6 axb6 24. Bd6 {[%csl Re8]}) (22... Bc6 23. Rg1 $1) 23. Bf1
Bc6 24. Rg1 a6 25. g3 Nd5 26. Kd2 $14 {[%csl Gc5][%cal Yf2f4]}) 22. Bc5 Nxe5 (
22... Nxa5 23. Rxa5 (23. Bxa7 Nb3 24. Rb1 Rc3 25. h4 O-O 26. Rh3 Rxh3 27. gxh3
Ba4 28. Bf3 f6 $1 {is less clear}) 23... b6 24. Rxa7 bxc5 25. Ba6 $1 Rb8 26.
dxc5 Rb1+ 27. Kd2 Rxh1 28. Ra8+ Ke7 29. Rxh8 $16 Rxh2 $140 $2 30. Bb7) 23. Rb1
$6 (23. a6 $1 {(indicated by IM M.Notkin) was the refutation:} b6 (23... bxa6
$2 24. Bxa6 Rc6 25. O-O {loses material}) (23... b5 24. Bxa7 $16 {[%csl Ga6]})
24. Bxb6 $1 Nc6 (24... axb6 25. dxe5 $16 {[%csl Ga6]}) 25. Bc5 $16 {[%csl Ra7,
Re8]}) 23... Nc6 24. Rxb7 Nxa5 25. Rxa7 Nc6 26. Rb7 Nd8 27. Rb3 {The position
has been simplified, and without queenside pawns to attack, White's bishops
are not so formidable.} Bc6 28. O-O Nb7 29. Ba3 (29. Ba6 $142 $5 Nxc5 30. dxc5
Rd8 31. Rb6 Kd7 32. Bb7 $14) 29... Kd7 30. Rc1 Nd6 31. Rb6 Nf5 {Oof... Black
has finally consolidated his position and should not lose.} 32. d5 $6 {This
pawn sac is quite harmless.} exd5 33. Bg4 g6 34. Bb2 Rhe8 35. Bxf5+ gxf5 36. f3
Re2 37. Bd4 Rd2 38. Be3 Rd3 39. Bf4 d4 $6 {Black made this inaccurate move,
and White... lost on time! Meanwhile, after} (39... d4 40. Rc4 Rd1+ 41. Kf2 {
he wins the d4 pawn and can torture his opponent due to his better pawn
structure}) (39... Rd4 $142 $5 40. Be5 Rc4 {Black keeps an extra pawn although
a draw is highly probable.}) 0-1

[Event "Gibraltar Masters 11th"]
[Site "Caleta"]
[Date "2013.01.27"]
[Round "6"]
[White "Cramling, Pia"]
[Black "Shirov, Alexei"]
[Result "0-1"]
[WhiteElo "2518"]
[BlackElo "2708"]
[Annotator "Krasenkow,M"]
[PlyCount "116"]
[EventDate "2013.01.22"]
[EventType "swiss"]
[EventRounds "10"]
[EventCountry "GGB"]
[SourceTitle "CBM 153"]
[Source "ChessBase"]
[SourceDate "2013.03.14"]
[SourceVersion "1"]
[SourceVersionDate "2013.03.14"]
[SourceQuality "1"]

1. d4 d5 2. Nf3 Nf6 3. c4 c6 4. Nc3 e6 5. Bg5 dxc4 6. a4 b5 $5 {An interesting
continuation leading to a double-edged position.} 7. axb5 cxb5 8. Nxb5 Qb6 9.
Nc3 (9. Na3 Bxa3 $1 (9... Ne4 10. Nxc4 Qb4+ 11. Ncd2 Nxg5 12. Nxg5 Qxd4 13. e3
Qd7 (13... Qd5 14. Be2 Bb7 15. Bf3 Qb5 16. Qe2 Qxe2+ 17. Kxe2 Bxf3+ 18. Ngxf3
Bb4 19. Rhc1 $14 {1-0 (66) Postny,E (2661)-Pavasovic,D (2597) Sibenik 2008})
14. Qb3 Bb7 15. Bb5 Bc6 16. Bxc6 Nxc6 17. O-O h6 18. Ngf3 Be7 19. Rfc1 Nb4 20.
Rc4 Rb8 21. Rd4 Qb5 22. Rxa7 Bc5 {1/2 (31) Argandona Riveiro,I (2396)-Korneev,
O (2657) Elgoibar 2006} 23. Nc4 $1 O-O 24. Ra5 Qc6 25. Nfe5 Qc8 26. Rxc5 Qxc5
27. Nd7 $16) (9... Qxb2 10. Nxc4 Bb4+ 11. Bd2 Bxd2+ 12. Ncxd2 $14) 10. Qa4+ Nc6
11. Qxa3 Ne4 12. e3 Qb4+ 13. Qxb4 Nxb4 14. Rc1 Nd3+ 15. Bxd3 cxd3 16. Bf4 g5
17. Bc7 Bb7 18. Nd2 g4 19. Nxe4 Bxe4 20. Kd2 Kd7 $11 {1/2 (30) Cramling,P 
(2491)-Fridman,D (2660) Caleta ENG 2012}) 9... Qxb2 10. Bd2 Nd5 (10... Bb4 11.
Rb1 Qa3 12. Nb5 Bxd2+ 13. Nxd2 Qe7 14. e4 $14) 11. Nxd5 (11. Na4 Qb3 12. e4 Nb4
13. Rc1 Bd7 14. Nc3 Qxd1+ 15. Kxd1 Nd3 16. Bxd3 cxd3 17. Ne5 Nc6 18. Nb5 Rc8
19. Nc4 Rb8 $15 {1/2 (33) Santos,C (2433)-Fernandes,A (2457) Evora 2006}) (11.
Rb1 Nxc3 12. Rxb2 Nxd1 13. Kxd1 Nd7 14. e3 Ba6 15. Ba5 Ba3 (15... Be7 $11) 16.
Ra2 Be7 17. Nd2 Rc8 18. Bc3 {1/2 (52) Munoz,J (2238)-Perez Rodriguez,L (2475)
Bogota COL 2011} Bb5 19. Rxa7 Nb6 $11 {E.Grivas}) (11. Rc1 $5 {is probably the
most accurate:} Nd7 $1 (11... Bb4 12. Rb1 Qa3 13. Nb5 Bxd2+ {1-0 (70) Timofeev,
A (2659)-Bukavshin,I (2517) Moscow RUS 2012} 14. Qxd2 Qe7 15. e4 $14 {E.Grivas}
) 12. Na4 (12. e4 Nxc3 13. Bxc3 Bb4 14. Bxb4 Qxb4+ 15. Qd2 a5 16. Bxc4 O-O $11)
12... Qb3 13. e3 Qxd1+ 14. Kxd1 N5b6 $11) 11... exd5 12. Rb1 Qa3 (12... Qa2 $5
13. e4 $1 Bd6 $1 (13... dxe4 $2 14. Ne5 Be6 15. d5 $1 Bxd5 16. Rb5 Be6 17. Bg5
$18 {E.Grivas}) 14. Rb5 (14. exd5 O-O 15. Ne5 Re8 16. Be2 Nd7 (16... f6 17. Ra1
Qb3 18. Qxb3 cxb3 19. Nc4 Ba6 20. Ne3 $14 {1-0 (56) Ju Wenjun (2543)
-Javakhishvili,L (2475) Mardin TUR 2011}) 17. Ra1 Qb3 18. f4 Nb6 19. O-O {
E.Grivas} Qxd1 20. Raxd1 Bb7 $15) 14... Nc6 (14... dxe4 15. Ne5 Be6 16. d5 Bxe5
17. dxe6 Nc6 18. exf7+ Kf8 19. Qc1 $16 {1-0 (27) Petursson,M (2550)
-Thorhallsson,T (2470) Island 1994}) 15. exd5 Ba6 16. Rb1 c3 17. Bxc3 Bxf1 18.
Kxf1 Qxd5 $11 {1-0 (58) Khassanov,M (2338)-Somkin,E (2329) St Petersburg 2000})
13. e4 $1 Bd6 (13... dxe4 14. Ne5 $36) (13... c3 $5 14. Bc1 Qa5 15. Qc2 Bb4 16.
exd5 O-O 17. Bd3 Re8+ 18. Be3 Ba6 $1 $13) 14. Ne5 $6 {Hardly a good waste of a
tempo (this knght can now be exchanged at any moment) although Black obtains
good counterchances in any case.} (14. e5 $6 Bc7 15. Be2 Nc6 16. O-O O-O 17.
Rb5 Be6 18. Rc5 Qa6 $17 {0-1 (32) Petursson,M (2550)-Shabalov,A (2590)
Reykjavik 1994}) (14. Rb5 O-O $1 15. Rxd5 (15. Ra5 Qb2 16. Rxd5 Bb4 17. Bxc4
Bg4 $132 {0-1 (87) Banusz,T (2463)-Buhmann,R (2581) Dresden 2007}) 15... c3 16.
Bc1 Qb4 17. Bd3 Nc6 $5 (17... c2+ 18. Qd2 Ba6 19. Ke2 Rc8 20. Qxb4 Bxd3+ 21.
Kxd3 Bxb4 {0-1 (65) Goldin,A (2580)-Shabalov,A (2570) Chicago 1995} 22. Bb2 $14
{[%cal Yh1c1]}) 18. O-O Rb8 $132) 14... O-O 15. exd5 c3 16. Bc1 (16. Be3 Qa5
17. Nc4 Qxd5 18. Nxd6 Qxd6 {is quite unpleasant for White, too.}) 16... Qa5 17.
Rb5 Qc7 18. Bd3 Ba6 19. Rb3 (19. Rxb8 Raxb8 20. Bxa6 c2 21. Qd3 $8 Bxe5 22.
dxe5 Qxe5+ 23. Qe3 Qxd5 $17) 19... Bxe5 20. dxe5 Qxe5+ 21. Be3 Rd8 22. Qc2 Bxd3
23. Qxd3 Rxd5 24. Qxc3 Nd7 {As a result of the opening, Black has won a pawn
and finally brings his advantage home.} 25. Qxe5 Nxe5 26. Ke2 a5 27. Rc1 a4 28.
Rbc3 f6 29. h3 (29. Rc8+ Rd8) 29... Rdd8 30. Ra3 Ra6 31. f4 Nf7 32. Rc4 Rda8
33. Bc5 h5 34. Rcc3 Rb8 35. g4 hxg4 36. hxg4 g5 37. fxg5 Nxg5 38. Bd4 $6 (38.
Be3 $142) 38... Rb4 39. Rc8+ Kf7 40. Rc7+ Kg6 41. Rd7 Ne6 42. Be3 Rxg4 43. Rb7
Ng5 44. Ra7 Rxa7 45. Bxa7 Nf7 46. Ra1 Ne5 47. Bb8 Kf5 48. Ba7 Rc4 49. Kd2 Ke6
50. Bb6 f5 51. Ba7 f4 52. Bb6 Kd5 53. Ba7 Nc6 54. Bf2 Nd4 55. Kd3 Nc2 56. Rh1
Nb4+ 57. Ke2 Ke4 58. Be1 Nd3 0-1

[Event "Corus"]
[Site "Wijk aan Zee"]
[Date "2009.01.19"]
[Round "3"]
[White "Van Wely, Loek"]
[Black "Smeets, Jan"]
[Result "1/2-1/2"]
[WhiteElo "2625"]
[BlackElo "2601"]
[Annotator "Krasenkow,M"]
[PlyCount "60"]
[EventDate "2009.01.17"]
[EventType "tourn"]
[EventRounds "13"]
[EventCountry "NED"]
[EventCategory "19"]
[SourceTitle "CBM 129"]
[Source "ChessBase"]
[SourceDate "2009.03.25"]
[SourceVersion "1"]
[SourceVersionDate "2009.03.25"]
[SourceQuality "1"]

1. d4 d5 2. c4 c6 3. Nf3 Nf6 4. Nc3 e6 5. Bg5 dxc4 6. e4 b5 7. e5 h6 8. Bh4 g5
9. Nxg5 hxg5 10. Bxg5 Nbd7 11. exf6 Bb7 12. g3 c5 13. d5 Qb6 14. Bg2 O-O-O 15.
O-O b4 16. Rb1 Qa6 17. dxe6 Bxg2 18. e7 Bxf1 19. Kxf1 Bxe7 20. fxe7 Rdg8 21.
Ne4 {This whole line was examined by GM Ch.Lutz in CBM 53 (annotations to
Kamsky-Kramnik). Since then the line has been tested in several important,
escpecially correspondence games.} Rxg5 $146 {[%mdl 8] GM Jan Smeets comes up
with a novelty. Practice had seen:} (21... Qc6 $6 22. Nd6+ (22. f3 {is also
strong:} f6 (22... f5 23. Nd6+ Kb8 24. Qe2 Nb6 25. Bf4 Ka8 26. Re1 Re8 27. Nxe8
Rxe8 28. Kg2 $18 {1-0 Kotanjian,T (2570)-Tissir,M (2428)/Dubai 2008/CBM 123
Extra (85)}) 23. Bf4 Ne5 24. Bxe5 (24. Nd6+ $1 Kc7 25. Nf7 Qe6 26. Nxh8 Qxe7
27. Ng6 $1 Rxg6 28. Qc2 Qf7 29. Rd1 $16) 24... fxe5 25. Qe2 Rg7 26. Rd1 Rxe7
27. Rd6 $36 Qa4 $4 (27... Qb5) 28. Qxc4 $18 {1-0 Ikonnikov,V (2592)-Tan,M 
(2319)/Vlissingen 2008/CBM 125 Extra (32)}) 22... Kb8 (22... Kc7 23. Bf4 $16 {
0-1 Harika,D (2329)-Sharma,D (2373)/Chennai 2004/CBM 098 ext (35)}) 23. Bf4
Rxh2 (23... Ka8 24. h4 $1 (24. e8=Q+ Rxe8 25. Nxe8 Rxe8 $6 (25... Qh1+ $1 26.
Ke2 Rxe8+ 27. Be3 Qc6 $132 {G.Kaidanov}) 26. Kg1 Nf6 27. Rc1 Re4 28. Qd8+ Kb7
29. Qf8 Nd5 30. Qxf7+ Re7 31. Qf8 $16 {1-0 Shulman,Y (2581)-Kaidanov,G (2603)/
San Diego 2006/CBM 112/[Kaidanov] (52)}) (24. f3 Nb6 25. Nxf7 Rxh2 26. Kg1 Rhh8
$2 (26... Rh7 $1 $13) 27. Nxh8 Nd5 28. Ng6 $18 {1-0 Koffler,D (2080)-Bachofner,
C (2163)/Hartberg 2004/CBM 101 ext (36)}) 24... Nf6 25. Nxf7 (25. Be5 Ne8)
25... Qh1+ 26. Ke2 Qe4+ 27. Be3 Nd5 28. Nxh8 Rxh8 29. Qh1 Qc2+ 30. Kf3 Qf5+ 31.
Kg2 $16 {G.Kaidanov}) 24. Ke2 $1 (24. e8=Q+ Rxe8 25. Nxe8+ Ka8 26. Ke2 Qe4+ 27.
Be3 Qg4+ 28. Kd2 Qe4 $11) 24... Ka8 25. Qc2 $1 Nb6 26. Qf5 Nc8 27. Qxf7 $5 (27.
e8=Q Rxe8+ 28. Nxe8 Qxe8+ 29. Be3 Nb6 30. Rd1 Kb7 31. Qxc5 $16 {1/2 Kamsky,G 
(2735)-Kramnik,V (2775)/Dos Hermanas 1996/CBM 053 (55)[Lutz]}) 27... Rhh8 $1
28. Rd1 c3 $1 29. bxc3 bxc3 30. Nxc8 $1 c2 31. Rd3 Qe4+ 32. Re3 c1=N+ 33. Kd2
Qd4+ 34. Kc2 Rxc8 35. Be5 Qa4+ 36. Kxc1 Rh1+ 37. Kb2 Qb5+ 38. Qb3 Qc6 39. Qc4
$16 {1-0 Micic,N-Sanner,Z (2380)/ICCF WS 2004/ICCF CBM 122 (50)}) (21... c3+ $5
22. Kg1 Rxg5 $1 23. Nxg5 Qg6 24. bxc3 (24. Qc1 c2 25. Ra1 Re8 26. Qe3 Qf6 27.
Rc1 Rxe7 28. Qd2 Qxb2 29. Rxc2 Qe5 30. h4 (30. Rc1 Kb7 31. Nf3 Qf5 32. Kg2 Nb6
33. Qd6 Rc7 34. h4 a5 35. Rh1 f6 36. h5 Rd7 37. Qf8 c4 38. h6 c3 39. Qg8 c2 40.
h7 Rd3 41. Qf7+ Ka6 42. Qh5 Qxh5 43. Rxh5 c1=Q 44. h8=Q Qc6 45. Rf5 Nd5 $17 {
0-1 Gilimshin,A (2607)-Ohtake,S (2580)/ICCF 2003/ICCF CBM 120 (58)}) 30... Kb7
31. Rc4 Nb6 32. Re4 Qf6 33. Qe3 Rc7 34. Qe2 c4 35. Rf4 Re7 {1/2 Maentylae,R 
(2257)-Luhn,R (2024)/LSS 2007/Telechess CBM 121}) (24. Qf1 Qxg5 (24... cxb2 25.
h4 Re8 26. Rxb2 Rxe7 27. Re2 Kd8 28. Rxe7 Kxe7 29. Qc4 Qb1+ 30. Kg2 Qf5 31. g4
Qg6 32. Qd5 a5 33. h5 Qf6 34. h6 Qxh6 35. Qxf7+ Kd6 36. Ne4+ Kc7 37. g5 $14 {
1/2 Castellano,A (2323)-Stepanov,K (2385)/ICCF WS 2005/ICCF CBM 125 (56)}) 25.
Qa6+ Kc7 26. Qxa7+ Kc8 27. Qa6+ Kc7 28. Qa7+ {1/2 Hoenig,B (2395)-Pappier,C 
(2455)/IECG 2005/Telechess CBM 115}) 24... Qxg5 25. Qe2 Qe5 26. Qa6+ Kb8 27.
Qb5+ Kc7 (27... Nb6 $143 28. cxb4 Qxe7 29. bxc5 Rh5 30. Rc1 Rd5 31. a4 (31. h4
Qc7 32. Kh2 Qe5 33. Qb3 Rxc5 34. Rxc5 Qxc5 35. Qxf7 Nc4 36. h5 Nd6 37. Qf3 Kc7
38. h6 Qg5 39. Qc3+ Kd8 40. Kg1 Qxh6 41. Qa5+ Kc8 42. Qxa7 Qc1+ 43. Kh2 Qc2 44.
Qa8+ {1/2 Stummer,W (2321)-Kuhne,D (2256)/Chessfriend.com 2003/Telechess CBM 99
}) 31... Qg5 32. Qe8+ Rd8 33. Qe1 Nd5 34. c6 Kc8 35. h4 Qh6 36. Rc5 Qg6 37. Qe2
Qb1+ 38. Kh2 Nc7 39. Qf3 Rd1 40. Ra5 a6 41. Qf5+ Qxf5 42. Rxf5 Rc1 43. Rxf7
Rxc6 44. h5 $16 {1-0 Stummer,W (2391)-Schulze,M (2322)/Chessfriend.com 2004/
Telechess CBM 109 (59)}) 28. cxb4 Qxe7 29. Qa5+ Kb7 30. Qb5+ Kc7 31. Qa5+ Kb7
32. Qb5+ {1/2 Straka,Z (2471)-Balabaev,F (2383)/Chessfriend.com 2004/Telechess
CBM 101}) 22. Nxg5 Re8 23. Qe2 (23. Nxf7 c3+ 24. Kg1 Rxe7 25. Nd6+ Kc7 26. Nf5
Rf7 27. g4 Qg6 $132) 23... Qg6 24. Ne4 Rxe7 25. Re1 Kd8 $1 26. Qxc4 Qg4 {
[%cal Rf7f5] White has won a pawn but Black's king is now safe, and he obtains
sufficient counterplay.} 27. Qd5 (27. Re2 Qf3 28. Re3 Qh1+ 29. Ke2 Nb6 30. Qc2
Nd5 31. Qxc5 Rd7 $1 {and Black holds on}) 27... f5 28. Qa8+ Kc7 29. Qxa7+ Kc6
30. Qa8+ Kc7 {and White must give a perpetual.} 1/2-1/2

[Event "EU-ch 8th"]
[Site "Dresden"]
[Date "2007.04.11"]
[Round "8"]
[White "Beliavsky, Alexander G"]
[Black "Agrest, Evgenij"]
[Result "1-0"]
[WhiteElo "2648"]
[BlackElo "2561"]
[Annotator "Krasenkow,M"]
[PlyCount "65"]
[EventDate "2007.04.03"]
[EventType "swiss"]
[EventRounds "11"]
[EventCountry "GER"]
[SourceTitle "CBM 118"]
[Source "ChessBase"]
[SourceDate "2007.05.31"]
[SourceVersion "1"]
[SourceVersionDate "2007.05.31"]
[SourceQuality "1"]

1. d4 d5 2. c4 c6 3. Nf3 Nf6 4. Nc3 e6 5. Bg5 dxc4 6. e4 b5 7. e5 h6 8. Bh4 g5
9. Nxg5 hxg5 10. Bxg5 Be7 11. exf6 Bxf6 12. Be3 Nd7 {The point of this move
order is to prevent the line} (12... Bb7 13. Ne4 {[%cal Ye4c5]}) {On the other
hand, White gets several additional possibilities.} 13. g3 (13. Qf3 Bb7 14.
Nxb5 {is harmless due to} Qa5+ (14... Qb8 $5 15. Nc3 c5 16. Qg4 cxd4 17. Bxd4
Ne5) 15. Nc3 O-O-O 16. O-O-O $1 (16. Qe2 Nb6 17. Qc2 c5 18. dxc5 Nd5 19. Bxc4
Bxc3+ 20. bxc3 Nxe3 21. fxe3 Qxc5 $19 {0-1 Yermolinsky,A-Becerra Rivero,J/San
Diego 2004/CBM 105 (32)}) 16... c5 17. Ne4 Qb6 18. Qf4 Bxe4 19. Qxe4 cxd4 20.
Rxd4 Bxd4 21. Bxd4 Nc5 22. Qa8+ Kd7 23. Qf3 Nd3+ 24. Bxd3 Qxd4 25. Qxf7+ Kc8
$13) (13. a4 $5 {is much more appropriate.} Bb7 (13... Qb6 $6 14. d5 $16 {
1-0 Vasic,M-Schlander,S/Balatonlelle 2000/CBM 077 ext (26)}) 14. axb5 Qb8 $5 {
needs analysis and practical tests.}) 13... Bb7 14. Bg2 Qc7 (14... Qe7 15. Nxb5
Qb4+ 16. Nc3 Qxb2 17. Ne4 Qb4+ 18. Bd2 Qe7 19. Nxf6+ Nxf6 20. O-O Nd5 21. Qa4
$16 {1-0 Peters,J-Diehle,J/Kassel 1998/EXT 1999 (31)}) 15. a4 $1 $146 {[%mdl 8]
Just in time!} (15. O-O $143 O-O-O 16. Qf3 (16. a4 $6 b4 $1 17. Ne4 c5) 16...
c5 17. Ne4 Bxe4 $1 18. Qxe4 cxd4 19. Bxd4 Bxd4 20. Qxd4 Ne5 21. Qe4 Rd2 (21...
f5 $5 22. Qe2 Rh6) 22. b3 $1 c3 23. Rac1 c2 24. Qe3 $1 Rhd8 $13 {1-0 Sherbakov,
R-Vinogradov,D/Chelyabinsk 78/420 1999/Inf 78/[Sherbakov,R] (58)}) 15... a6 (
15... b4 16. Ne4 c5 {is now met by} 17. Bf4 Bxe4 $1 18. Bxe4 (18. Bxc7 $143
Bxg2 19. Rg1 Bd5 $44) 18... Qd8 (18... Qc8 19. Qf3) 19. Rc1 Bxd4 20. Rxc4 $14 {
[%csl Ge4,Gf4] Still, that was the relatively best option for Black.}) 16. O-O
O-O-O $6 {White now has an almost forced tactical win but otherwise Black's
position is "simply" bad.} 17. axb5 cxb5 18. Nxb5 $1 {[%mdl 64]} axb5 19. Ra7
Nc5 20. Qa1 $1 Nb3 (20... Bxd4 21. Bxd4 Rxd4 22. Bxb7+ Qxb7 23. Rxb7 Kxb7 24.
Qa5 Kc6 25. Qc3 Rhd8 26. Qf3+ $18) (20... Rxd4 21. Bxd4 Bxd4 22. Bxb7+ Nxb7 23.
Ra8+ Kd7 24. Rd1 $1 $18) 21. Bxb7+ Qxb7 22. Rxb7 Nxa1 23. Rxf7 Nb3 24. Rxf6 {
White has kept a decisive material advantage.} Kd7 (24... Nxd4 25. h4) 25. h4
b4 26. Re1 Ra8 27. Bf4 Nxd4 28. Be5 Nc2 29. Rd1+ Ke7 30. Rf4 Rhc8 31. Bd6+ Ke8
32. Rf8+ Kd7 33. Bb8+ {So, 12...Nd7 is now under a cloud...} 1-0